Word Ladder: Top 100 US Cities Quiz Stats

 Plays Quiz Updated Feb 20, 2018

Score 0/42 Timer 05:00
2 Plays Today
Clue 4-Letter Word % Correct
#1 New ___, New ___YORK
98.2%
Yellow in an eggYOLK
97.1%
#16 ___ Worth, TexasFORT
97%
Tined utensilFORK
95.4%
#27 Oklahoma ___, OklahomaCITY
95.1%
US President James K.POLK
94.7%
#10 San ___, CaliforniaJOSÉ
94.4%
Survey of votersPOLL
93.9%
Prod with a fingerPOKE
92.8%
Witty comment with a punchlineJOKE
92.6%
#20 El ___, TexasPASO
92.3%
#64 Saint ___, MinnesotaPAUL
92.2%
Opposite of moreLESS
92%
Money for the landlordRENT
91.8%
Money in MexicoPESO
91.6%
Fortified winePORT
91%
#87 ___, NevadaRENO
89.6%
Refer to a sourceCITE
89.3%
Eye's light focuserLENS
88.6%
Take it easyREST
88.3%
Fence supportPOST
88.1%
Clue 4-Letter Word % Correct
AnnoyerPEST
88.1%
Former Tonight Show hostLENO
88%
Cloth to cover a coffinPALL
87.3%
SoloLONE
87.3%
Groban the singerJOSH
87.2%
Sympathetic sorrow for sufferingPITY
86.5%
Actress HayworthRITA
86.3%
#39 ___ Beach, CaliforniaLONG
85.8%
Pocket breadPITA
85.5%
Early paddle-based video gamePONG
84.5%
RitzyPOSH
84.3%
CornbreadPONE
82.9%
Sty or disasterMESS
81.8%
#36 ___, ArizonaMESA
79.6%
y=mx+bLINE
79.3%
The film industryCINE
78.1%
A long epic storySAGA
74.3%
Prefix for one-millionMEGA
73.8%
Proportionately: pro ___RATA
72.2%
Maker of the GenesisSEGA
70.3%
Melody of Indian musicRAGA
66.4%

Today's Daily Dose

Missing Word
Wicked Songs

Word Ladder
Blue Ivies

Get the Picture
Green on the Flag?

You're not logged in!

Compare scores with friends on all Sporcle quizzes.
OR
Log In

You Might Also Like...

Show Comments

Extras

Top Quizzes Today


Score Distribution

Your Account Isn't Verified!

In order to create a playlist on Sporcle, you need to verify the email address you used during registration. Go to your Sporcle Settings to finish the process.

Report this User

Report this user for behavior that violates our Community Guidelines.

Details: